Ekológia pre nohy

História a súčasnosť nemeckej firmy Birkenstock, ktorá vyrába ekologickú obuv. Účelnosť a pohodlnosť ako hlavné devízy tejto obuvi. Úspech ortopedicky tvarovaných vložiek. Prírodný materiál obuvi. Funkčná obuv.

Gespeichert in:
Bibliographische Detailangaben
1. Verfasser: Ryník, Jozef
Format: Buchkapitel
Sprache:Slowakisch
Schlagworte:
Tags: Tag hinzufügen
Keine Tags, Fügen Sie das erste Tag hinzu!

MARC

LEADER 00000naa$a2200000$$$4500
001 0049675
005 20230719100033.2
041 0 |a slo 
044 |a SK 
245 1 0 |a Ekológia pre nohy  |c Jozef Ryník 
520 |a História a súčasnosť nemeckej firmy Birkenstock, ktorá vyrába ekologickú obuv. Účelnosť a pohodlnosť ako hlavné devízy tejto obuvi. Úspech ortopedicky tvarovaných vložiek. Prírodný materiál obuvi. Funkčná obuv. 
610 2 0 |a podnikanie 
610 2 0 |a firmy 
610 2 0 |a obuv 
610 2 0 |a ekológia 
610 2 0 |a Nemecko 
100 1 |a Ryník, Jozef